000 00680nam a22002537a 4500
003 UA-OsUOA
001 26874
007 ta
008 20040610b un ||||| |||| 00| 0 ukr d
100 _aГрабауров В.А.
090 _a658.8(075)
_bП32
942 _cBK
040 _aUA-OsUOA
_brus
_cUA-OsUOA
_dUA-OsUOA
245 _aИнформационные технологии для менеджеров
300 _a368 с.
_bІлюстрації
955 _a0
041 _arus
080 _a658.8(075)
020 _a5-279-02299-3
260 _aМосква
_bФинансы и статистика
_c2001
044 _aRU
650 7 _2UDC
999 _c313210
_d313210